Quick Pick: Human Bones Quiz Stats

Quiz Updated Nov 13, 2017

Challenge
Share
Tweet
Embed
Score 0/12 Timer 01:30
1 Play Today
% Correct
Mandible
85.9%
Sternum
85.3%
Femur
81.4%
Phalanx
79.6%
Clavicle
78.6%
Patella
76.4%
Zygomatic
73.2%
Fibula
72.3%
Humerus
67.6%
Radius
65.9%
Ischium
64.4%
Tibia
55.5%

Today's Daily Dose

Missing Word
1998 A-Z Movies

Word Ladder
5 Vowel Sounds

Quick Pick
Legal Terms

On This Day
June 25th II

You're not logged in!

Compare scores with friends on all Sporcle quizzes.
Join for Free
OR
Log In

You Might Also Like...

Show Comments

Extras

Top Quizzes Today


Score Distribution

Your Account Isn't Verified!

In order to create a playlist on Sporcle, you need to verify the email address you used during registration. Go to your Sporcle Settings to finish the process.

Report this User

Report this user for behavior that violates our Community Guidelines.

Details: